Мехатронные подходы в динамике механических колебательных систем

Podrobná bibliografie
Hlavní autor: Елисеев С. В. Сергей Викторович
Korporace: Иркутский государственный университет путей сообщения (ИрГУПС), Забайкальский государственный университет
Další autoři: Резник Ю. Н. Юрий Николаевич, Хоменко А. П. Андрей Павлович
Shrnutí:В монографии приведены результаты теоретических и экспериментальных исследований в области динамики механических колебательных систем, имеющих в своем составе дополнительные связи. Последние представляют собой элементы или устройства, в которых реализуются отношения двойного дифференцирования, рычажные взаимодействия и др. Математические модели таких систем могут принимать вид структурных схем систем автоматического управления, эквивалентных в динамическом отношении исходным расчетным схемам в виде механических колебательных систем.Работа основана на применении методов частотного анализа и содержит результаты исследования оригинальных технических систем, преобразования движения в обобщенных задачах виброзащиты и виброизоляции различных объектов.
Jazyk:ruština
Vydáno: Новосибирск, Наука, 2011
Témata:
Médium: MixedMaterials Kniha
KOHA link:https://koha.lib.tpu.ru/cgi-bin/koha/opac-detail.pl?biblionumber=217783

MARC

LEADER 00000nam0a2200000 4500
001 217783
005 20231101230138.0
010 |a 9785020189768 
035 |a (RuTPU)RU\TPU\book\237786 
090 |a 217783 
100 |a 20120608d2011 k y0rusy50 ca 
101 0 |a rus 
102 |a RU 
105 |a a z 001zy 
200 1 |a Мехатронные подходы в динамике механических колебательных систем  |f С. В. Елисеев, Ю. Н. Резник, А. П. Хоменко  |g Иркутский государственный университет путей сообщения (ИрГУПС); Забайкальский государственный университет 
210 |a Новосибирск  |c Наука  |d 2011 
215 |a 384 с.  |c ил. 
320 |a Библиография в конце глав. 
330 |a В монографии приведены результаты теоретических и экспериментальных исследований в области динамики механических колебательных систем, имеющих в своем составе дополнительные связи. Последние представляют собой элементы или устройства, в которых реализуются отношения двойного дифференцирования, рычажные взаимодействия и др. Математические модели таких систем могут принимать вид структурных схем систем автоматического управления, эквивалентных в динамическом отношении исходным расчетным схемам в виде механических колебательных систем.Работа основана на применении методов частотного анализа и содержит результаты исследования оригинальных технических систем, преобразования движения в обобщенных задачах виброзащиты и виброизоляции различных объектов. 
606 1 |a Машиностроительные конструкции  |x Колебания  |2 stltpush  |3 (RuTPU)RU\TPU\subj\41651  |9 61438 
610 1 |a вибрация 
610 1 |a виброзащита 
610 1 |a виброизоляция 
610 1 |a механические колебательные системы 
610 1 |a динамика 
610 1 |a рычажные устройства 
610 1 |a крутильные колебания 
610 1 |a монографии 
675 |a 621.01:534  |v 3 
700 1 |a Елисеев  |b С. В.  |g Сергей Викторович 
701 1 |a Резник  |b Ю. Н.  |g Юрий Николаевич 
701 1 |a Хоменко  |b А. П.  |g Андрей Павлович 
712 0 2 |a Иркутский государственный университет путей сообщения (ИрГУПС)  |2 stltpush  |3 (RuTPU)RU\TPU\col\10516 
712 0 2 |a Забайкальский государственный университет  |2 stltpush  |3 (RuTPU)RU\TPU\col\18091 
801 1 |a RU  |b 63413507  |c 20120608 
801 2 |a RU  |b 63413507  |c 20170221  |g RCR 
942 |c BK